[Event "Bucaramanga Santander-ch"]
[Site "Bucaramanga"]
[Date "2023.03.31"]
[Round "1"]
[White "Amorocho Lizcano, Brayan Santiago"]
[Black "Caicedo Solano, Eduardo"]
[Result "0-1"]
[WhiteElo "1600"]
[BlackElo "1822"]
[PlyCount "72"]
[EventDate "2023.03.31"]
[EventType "swiss"]
[EventRounds "7"]
[EventCountry "COL"]
[SourceTitle "CBM 213 Extra"]
[Source "ChessBase"]
[SourceDate "2023.05.31"]
[SourceVersion "1"]
[SourceVersionDate "2023.05.31"]
[SourceQuality "1"]

1. c4 Nf6 2. Nc3 e5 3. g3 Bc5 4. Bg2 c6 5. Nf3 d6 6. d4 exd4 7. Nxd4 0-0 8. 0-0 Bg4 9. Bg5 h6 10. Be3 Qd7 11. Na4 Na6 12. Nxc5 Nxc5 13. Nf3 Bh3 14. Bxc5 Bxg2 15. Kxg2 dxc5 16. Qxd7 Nxd7 17. Rad1 Nf6 18. Rd3 Rfe8 19. Re1 Re6 20. Ng1 b5 21. cxb5 cxb5 22. f3 a6 23. b3 c4 24. bxc4 bxc4 25. Rd4 Rc6 26. Rc1 c3 27. Rc2 Rb8 28. Rd3 Rb2 29. Rcxc3 Rxc3 30. Rxc3 Rxa2 31. Rd3 a5 32. Kf2 a4 33. f4 Ng4+ 34. Kg2 a3 35. Nf3 Rxe2+ 36. Kh3 Nf2+ 0-1

[Event "Bucaramanga Santander Cup"]
[Site "Bucaramanga"]
[Date "2022.07.24"]
[Round "7"]
[White "Caicedo Solano, Eduardo"]
[Black "Perez Leon, Sergio Andres"]
[Result "1-0"]
[WhiteElo "1812"]
[BlackElo "1501"]
[PlyCount "35"]
[EventDate "2022.07.20"]
[EventType "swiss"]
[EventRounds "8"]
[EventCountry "COL"]
[SourceTitle "EXT 2023"]
[Source "ChessBase"]
[SourceDate "2022.10.05"]
[SourceVersion "1"]
[SourceVersionDate "2022.10.05"]
[SourceQuality "1"]

1. e4 d6 2. d4 Nf6 3. Nc3 g6 4. Be3 Bg7 5. Qd2 Ng4 6. Bg5 h6 7. Bh4 g5 8. Bg3 c6 9. f3 Nf6 10. 0-0-0 Nh5 11. Bf2 0-0 12. Be2 b5 13. h4 Nf4 14. g3 Nxe2+ 15. Ngxe2 f6 16. Be3 a5 17. hxg5 fxg5 18. f4 1-0

[Event "Bucaramanga Santander Cup"]
[Site "Bucaramanga"]
[Date "2022.07.22"]
[Round "4"]
[White "Pilonieta Diaz, Edgar Mauricio"]
[Black "Caicedo Solano, Eduardo"]
[Result "0-1"]
[WhiteElo "1600"]
[BlackElo "1812"]
[PlyCount "65"]
[EventDate "2022.07.20"]
[EventType "swiss"]
[EventRounds "8"]
[EventCountry "COL"]
[SourceTitle "EXT 2023"]
[Source "ChessBase"]
[SourceDate "2022.10.05"]
[SourceVersion "1"]
[SourceVersionDate "2022.10.05"]
[SourceQuality "1"]

1. e4 c5 2. Nf3 d6 3. Bc4 Nf6 4. e5 dxe5 5. Nxe5 e6 6. d3 Bd6 7. Bb5+ Bd7 8. Nxd7 Nbxd7 9. 0-0 a6 10. Ba4 Qc7 11. Bxd7+ Qxd7 12. h3 Rd8 13. Nc3 c4 14. dxc4 Qc6 15. Qe2 0-0 16. Bg5 Rd7 17. Bxf6 gxf6 18. Ne4 Be7 19. Ng3 Kh8 20. b3 Rg8 21. Qe4 Qc5 22. Kh1 f5 23. Qe3 Qxe3 24. fxe3 Rxg3 25. Rf2 Rxe3 26. Kh2 Bd6+ 27. Kh1 Bg3 28. Rf3 Rxf3 29. gxf3 Rd2 30. a4 Kg7 31. b4 Rxc2 32. b5 axb5 33. cxb5 0-1

[Event "Bucaramanga Bonita op"]
[Site "Bucaramanga"]
[Date "2021.09.04"]
[Round "3"]
[White "Caicedo Solano, Eduardo"]
[Black "Rivera Suarez, Cesar Dario"]
[Result "0-1"]
[WhiteElo "1858"]
[BlackElo "1718"]
[PlyCount "102"]
[EventDate "2021.09.04"]
[EventType "swiss"]
[EventRounds "6"]
[EventCountry "COL"]
[SourceTitle "EXT 2022"]
[Source "ChessBase"]
[SourceDate "2021.10.06"]
[SourceVersion "1"]
[SourceVersionDate "2021.10.06"]
[SourceQuality "1"]

1. e4 e6 2. d3 d5 3. Nd2 c5 4. Ngf3 Nc6 5. g3 Nf6 6. Bg2 Be7 7. 0-0 0-0 8. c3 e5 9. Qc2 d4 10. Re1 Qc7 11. Nf1 Rd8 12. c4 Bd7 13. a3 Rab8 14. Bd2 a5 15. a4 Bf8 16. Nh4 Ne7 17. f4 Ng6 18. fxe5 Nxh4 19. exf6 Nxg2 20. Kxg2 gxf6 21. Qd1 f5 22. Bf4 Bd6 23. e5 Be7 24. e6 Bc6+ 25. Kg1 Bd6 26. Bxd6 Rxd6 27. exf7+ Qxf7 28. Qd2 f4 29. Re5 Rg6 30. Qf2 Rf8 31. Rae1 Qd7 32. Qe2 Qh3 33. Rd5 fxg3 34. Nxg3 Bxd5 35. cxd5 Kh8 36. Qg2 Qg4 37. Qe2 Rf3 38. Qe5+ Kg8 39. Qe8+ Rf8 40. Qe5 h5 41. Re4 Qd1+ 42. Re1 Qf3 43. Qe4 Qxe4 44. Rxe4 Rg4 45. Rxg4+ hxg4 46. Ne4 b6 47. d6 Rd8 48. Kg2 Kf7 49. Kg3 Rh8 50. Nf2 Ke6 51. Nxg4 Kxd6 0-1

[Event "Santander op"]
[Site "Santander"]
[Date "2011.12.22"]
[Round "9"]
[White "Caicedo Solano, Eduardo"]
[Black "Suarez Pinto, Sergio Rafael"]
[Result "1/2-1/2"]
[WhiteElo "1656"]
[BlackElo "1743"]
[PlyCount "71"]
[EventDate "2011.12.17"]
[EventType "swiss"]
[EventRounds "9"]
[EventCountry "COL"]
[SourceTitle "CBM 146 Extra"]
[Source "ChessBase"]
[SourceDate "2012.02.29"]
[SourceVersion "1"]
[SourceVersionDate "2012.02.29"]
[SourceQuality "1"]

1. e4 e5 2. Nf3 Nc6 3. Bb5 a6 4. Ba4 Nf6 5. 0-0 Be7 6. Re1 b5 7. Bb3 d6 8. c3 0-0 9. d3 Na5 10. Bc2 c5 11. Nbd2 Re8 12. Nf1 Bf8 13. Ng3 g6 14. h3 Bg7 15. Be3 Nc6 16. Qd2 Bd7 17. a3 a5 18. b4 axb4 19. axb4 cxb4 20. cxb4 Qc7 21. Bb3 Be6 22. Bxe6 fxe6 23. d4 exd4 24. Nxd4 Nxd4 25. Bxd4 e5 26. Bb2 Rec8 27. f4 Bh6 28. Ne2 Rxa1 29. Bxa1 Qb8 30. Qa2+ Kg7 31. fxe5 dxe5 32. Qe6 Re8 33. Qc6 Rc8 34. Qe6 Re8 35. Qc6 Rc8 36. Qe6 1/2-1/2

[Event "Santander op"]
[Site "Santander"]
[Date "2011.12.19"]
[Round "5"]
[White "Castillo, Arcenover"]
[Black "Caicedo Solano, Eduardo"]
[Result "0-1"]
[WhiteElo "1859"]
[BlackElo "1656"]
[PlyCount "59"]
[EventDate "2011.12.17"]
[EventType "swiss"]
[EventRounds "9"]
[EventCountry "COL"]
[SourceTitle "CBM 146 Extra"]
[Source "ChessBase"]
[SourceDate "2012.02.29"]
[SourceVersion "1"]
[SourceVersionDate "2012.02.29"]
[SourceQuality "1"]

1. e4 c5 2. Nf3 d6 3. Bc4 Nf6 4. e5 dxe5 5. Nxe5 e6 6. 0-0 Bd6 7. Bb5+ Nbd7 8. d4 0-0 9. Nc3 Qc7 10. dxc5 Nxc5 11. Nf3 a6 12. Bd3 e5 13. Re1 Bg4 14. h3 Bh5 15. Bg5 Nxd3 16. cxd3 Qc6 17. Bxf6 Bxf3 18. gxf3 gxf6 19. Rc1 Qd7 20. Kg2 Kh8 21. Rh1 Rg8+ 22. Kf1 Rad8 23. Ke2 f5 24. Qb3 Bc5 25. Na4 Ba7 26. Nc5 Qe7 27. Na4 e4 28. dxe4 fxe4 29. Rc4 exf3+ 30. Kxf3 0-1